La serpiente emplumada / (Record no. 89716)

MARC details
000 -LEADER
campo de control de longitud fija 00713nam a2200217 i 4500
001 - NÚMERO DE CONTROL
campo de control 89716
003 - IDENTIFICADOR DE NÚMERO DE CONTROL
campo de control ES-MaACL
005 - FECHA Y HORA DE LA ÚLTIMA TRANSACCIÓN
campo de control 20230906180243.0
007 - CAMPO FIJO DE DESCRIPCIÓN FÍSICA--INFORMACIÓN GENERAL
campo de control de longitud fija t|
008 - DATOS DE LONGITUD FIJA--INFORMACIÓN GENERAL
campo de control de longitud fija 050112s1947 ag ||||1| spa d
100 1# - ENTRADA PRINCIPAL--NOMBRE DE PERSONA
Nombre de persona Lawrence, D.H. (
Fechas asociadas al nombre 1885-1930)
9 (RLIN) 70743
245 13 - MENCIÓN DEL TÍTULO
Título La serpiente emplumada /
Mención de responsabilidad, etc. D.H. Lawrence ; [traducción del inglés por Carmen Gallardo de Mesa].
250 ## - MENCION DE EDICION
Mención de edición 2ª ed.
260 ## - PUBLICACIÓN, DISTRIBUCIÓN, ETC.
Lugar de publicación, distribución, etc. Buenos Aires :
Nombre del editor, distribuidor, etc. Losada,
Fecha de publicación, distribución, etc. [1947] (
Fabricante López)
300 ## - DESCRIPCIÓN FÍSICA
Extensión 444 p. ;
Dimensiones 21 cm.
490 1# - MENCIÓN DE SERIE
Mención de serie Las grandes novelas de nuestra época
700 1# - ENTRADA AGREGADA--NOMBRE PERSONAL
Nombre de persona Gallardo de Mesa, Carmen.
9 (RLIN) 53492
830 0# - PUNTO DE ACCESO ADICIONAL DE SERIE-TÍTULO UNIFORME
Título uniforme Las grandes novelas de nuestra época
9 (RLIN) 184518
852 ## - LOCALIZACIÓN
Ubicación ES-MaACL
Número de control de estantería D-5419
Sublocalización o colección R.29770
Holdings
Estatus retirado Estado de pérdida Estado de daño No para préstamo Biblioteca de origen Biblioteca actual Ubicación en estantería Fecha de adquisición Fuente de adquisición Total de préstamos Signatura topográfica completa Código de barras Visto por última vez Precio de reemplazo Tipo de ítem Koha
        Biblioteca del Ateneo de Madrid Biblioteca del Ateneo de Madrid Sala Valle Inclán 17/01/2008     D-5419 901093697 23/02/2023 23/02/2023 Libro impreso